LEADER 01505nam 2200385 a 450 001 9910701865103321 005 20120531153322.0 035 $a(CKB)5470000002421456 035 $a(OCoLC)794558070 035 $a(EXLCZ)995470000002421456 100 $a20120531d2012 ua 0 101 0 $aeng 135 $aurbn||||||||| 181 $ctxt$2rdacontent 182 $cc$2rdamedia 183 $acr$2rdacarrier 200 10$aNuclear safety$b[electronic resource] $eagreement between the United States of America and Croatia, signed at Vienna, September 30, 2008, with addendum 210 1$a[Washington, D.C.] :$cU.S. Dept. of State,$d[2012?] 215 $a1 online resource (14 unnumbered pages) 225 1 $aTreaties and other international acts series ;$v08-930.1 300 $aTitle from title screen (viewed on May 31, 2012). 517 $aNuclear safety 606 $aNuclear facilities$xSafety measures$xResearch$zUnited States 606 $aNuclear facilities$xSafety measures$xResearch$zCroatia 606 $aNuclear nonproliferation$xSafety measures$xInternational cooperation 615 0$aNuclear facilities$xSafety measures$xResearch 615 0$aNuclear facilities$xSafety measures$xResearch 615 0$aNuclear nonproliferation$xSafety measures$xInternational cooperation. 712 02$aUnited States.$bDepartment of State. 801 0$bGPO 801 1$bGPO 906 $aBOOK 912 $a9910701865103321 996 $aNuclear safety$92319825 997 $aUNINA LEADER 01299nam 2200421 450 001 9910798737203321 005 20200917021826.0 035 $a(CKB)3710000000885597 035 $a(MiAaPQ)EBC4709194 035 $a(Au-PeEL)EBL4709194 035 $a(CaPaEBR)ebr11275845 035 $a(CaONFJC)MIL958767 035 $a(OCoLC)959980516 035 $a(EXLCZ)993710000000885597 100 $a20161018h20162016 uy 0 101 0 $aeng 135 $aurcnu|||||||| 181 $2rdacontent 182 $2rdamedia 183 $2rdacarrier 200 00$aAdvances in dual diagnosis $epolicy, practice and research in mental health and substance use 210 1$aBradford, England :$cEmerald Group Publishing Limited,$d2016. 210 4$d2016 215 $a1 online resource (69 pages) $cillustrations, tables 225 0 $aPsychological interventions for dual diagnosis,$x1757-0972 ;$vVolume 9, Number 2/3 320 $aIncludes bibliographical references. 606 $aDual diagnosis 606 $aSubstance abuse 615 0$aDual diagnosis. 615 0$aSubstance abuse. 676 $a616.86 801 0$bMiAaPQ 801 1$bMiAaPQ 801 2$bMiAaPQ 906 $aBOOK 912 $a9910798737203321 996 $aAdvances in dual diagnosis$92120950 997 $aUNINA LEADER 02955nam 2200517 450 001 9910808558603321 005 20230814221615.0 010 $a3-11-056035-6 024 7 $a10.1515/9783110560329 035 $a(CKB)4100000001502400 035 $a(MiAaPQ)EBC5157379 035 $a(DE-B1597)487454 035 $a(OCoLC)1024035064 035 $a(DE-B1597)9783110560329 035 $a(Au-PeEL)EBL5157379 035 $a(CaPaEBR)ebr11497581 035 $a(OCoLC)1020029534 035 $a(EXLCZ)994100000001502400 100 $a20180209h20182018 uy 0 101 0 $ager 135 $aurcnu|||||||| 181 $2rdacontent 182 $2rdamedia 183 $2rdacarrier 200 10$aModerne Thermodynamik$hBand 2 $eQuantenstatistik aus experimenteller Sicht /$fChristoph Strunk 205 $a2. Auflage. 210 1$aBerlin, [Germany] ;$aBoston, [Massachusetts] :$cDe Gruyter,$d2018. 210 4$d©2018 215 $a1 online resource (377 pages) $cillustrations 225 0 $aDe Gruyter Studium ;$v2 311 $a3-11-056050-X 311 $a3-11-056032-1 320 $aIncludes bibliographical references and index. 327 $tFrontmatter -- $tVorwort zur 2. Auflage -- $tVorwort zur 1. Auflage -- $tInhalt -- $tInhaltsverzeichnis des ersten Bandes -- $tDie Strategie des Buches -- $tBezeichnungen -- $t1. Zusammenfassung der Thermodynamik -- $t2. Statistische Thermodynamik am Beispiel von Spin-1/2-Systemen -- $t3. Einfache Quantensysteme -- $t4. Ideale Gase bei tiefen Temperaturen -- $t5. Bose-Systeme -- $t6. Fermi-Systeme -- $t7. Quasiteilchen in reduzierten Dimensionen -- $tA. Differenzialrechnung im ?n -- $tB. Wahrscheinlichkeiten und Wahrscheinlichkeitsdichten -- $tC. Nützliche Integrale -- $tD. Legendre-Transformation -- $tE. Das Zwei-Körper-System aus thermodynamischer Sicht -- $tF. Magnetische Felder in Materie -- $tG. Charakteristische Funktionen in der Statistik -- $tH. Die Boltzmann-Gleichung -- $tDanksagung -- $tLiteraturverzeichnis -- $tStichwortverzeichnis 330 $aDieses Buch schlägt eine neuartige Bru?cke zwischen dem traditionellen und dem statistischen Zugang zur Thermodynamik. Es ist aus experimenteller Perspektive beschrieben, bemu?ht sich aber gleichzeitig um konzeptionelle Strenge. Im zweiten Band wird die Quantenstatistik auf natürliche Weise in den Rahmen der makroskopischen Thermodynamik integriert und anhand zahlreicher Beispiele aus der Atom- und Molekülphysik, der Festkörperphysik, der Tieftemperaturphysik bis hin zur Physik der Nanostrukturen illustriert. Die transparente Darstellung verbindet die Grundideen der modernen Physik. 606 $aThermodynamics$vTextbooks 615 0$aThermodynamics 676 $a536/.7 700 $aStrunk$b Christoph$01621621 801 0$bMiAaPQ 801 1$bMiAaPQ 801 2$bMiAaPQ 906 $aBOOK 912 $a9910808558603321 996 $aModerne Thermodynamik$93955014 997 $aUNINA